Rural Connections The European Rural Development Magazine
Na minha lista:
| Formato: | Periódico |
|---|---|
| Idioma: | inglês |
| Publicado em: |
Luxembourg
Publications Office of the European Union
|
| Assuntos: | |
| Tags: |
Sem tags, seja o primeiro a adicionar uma tag!
|
MARC
| LEADER | 00000nas1a2200000 4500 | ||
|---|---|---|---|
| 001 | 0215578 | ||
| 005 | 20230906105832.0 | ||
| 022 | |a 2443-731X | ||
| 022 | |a 2443-7379 | ||
| 041 | 0 | |a eng | |
| 044 | |a LU | ||
| 245 | 1 | 0 | |a Rural Connections |b The European Rural Development Magazine |
| 264 | 1 | |a Luxembourg |b Publications Office of the European Union | |
| 610 | 2 | 0 | |a rozvoj regionálny |
| 610 | 2 | 0 | |a vidiek |
| 610 | 2 | 0 | |a Európska únia |
| 610 | 2 | 0 | |a Európa |